LEADER 01381nam0 2200301 450 001 000028484 005 20110516111828.0 100 $a20110512d2011----km-y0itay50------ba 101 0 $aita 102 $aIT 105 $aa---m-------- 200 1 $aInfluenza della variazione dei parametri comportamentali di isolatori elastomerici sulla risposta strutturale$bTesi di dottorato$fdottorando: Giuseppe Arleo$gcoordinatore del dottorato: Caterina Di Maio$gtutor: Felice C. Ponzo 210 $a[Potenza]$d[2011] 215 $a253 p.$cill.$d30 cm. 328 1$aSul frontespizio: Università della Basilicata, Dottorato di ricerca in Rischio Sismico, XXIII ciclo, A. a. 2009/2010 676 $a624.1762$v(22. ed.)$9Ingegneria antisismica 686 $aICAR/09$9Tecnica delle costruzioni 700 1$aArleo,$bGiuseppe$0445204 801 0$aIT$bUniversità della Basilicata - B.I.A.$gRICA$2unimarc 912 $a000028484 996 $aInfluenza della variazione dei parametri comportamentali di isolatori elastomerici sulla risposta strutturale$995427 997 $aUNIBAS BAS $aINGEGNERIA CAT $aTTM$b30$c20110512$lBAS01$h1536 CAT $aTTM$b30$c20110512$lBAS01$h1607 CAT $aTTM$b30$c20110516$lBAS01$h1118 FMT Z30 -1$lBAS01$LBAS01$mBOOK$1BASA2$APolo Tecnico-Scientifico$2TDO$BTesi di Dottorato$3TDI.23c.AG1$528487-10$820110512$f98$FConsultazione